Real-time object-oriented modeling /

Guardado en:
Detalles Bibliográficos
Autores principales: Selic, Bran (Autor), Gullekson, Garth (Autor), Ward, Paul T (Autor)
Formato: Libro
Lenguaje:inglés
Publicado: New York : John Wiley & Sons, 1994
Edición:1.vyd.
Materias:
Etiquetas: Agregar Etiqueta
Sin Etiquetas, Sea el primero en etiquetar este registro!

MARC

LEADER 00000nam a22000003a 4500
001 stu8423
005 20190206124533.2
008 960115s1994----xxu-----------------eng-d
020 |a 0-471-89917-4 
040 |a STU  |b slo 
041 0 |a eng 
044 |a xxu 
080 |a 681.32.014 
080 |a 519.687.5 
084 |a C5420  |2 INS 
084 |a C6140  |2 INS 
100 1 |a Selic, Bran  |4 aut 
245 1 |a Real-time object-oriented modeling /  |c [aut.] Selic,Bran; Gullekson,Garth; Ward,Paul T 
250 |a 1.vyd. 
260 |a New York :  |b John Wiley & Sons,  |c 1994 
300 |a 525 s 
650 7 |a počítačové systémy  |2 stusub 
650 7 |a systémy pracujúce v reálnom čase  |2 stusub 
650 7 |a programovacie jazyky  |2 stusub 
700 1 |a Gullekson, Garth  |4 aut 
700 1 |a Ward, Paul T  |4 aut 
996 |c I*15MS4990  |l II680  |s A  |a 24  |w stu8423_0001